La ciencia en argentina /

Guardado en:
Autor Principal: Babini, José
Formato: Libro
Publicado: Buenos Aires : Eudeba, 1963
Materias:
Etiquetas: Agregar Etiqueta
Sin Etiquetas, Sea el primero en etiquetar este registro!
LEADER 00503nam a22001695a 4500
001 CEM.cems000781
005 20060210000000.0
008 130507s1963##################000#0#####d
003 CEMS
082 0 4 |a 500.982 
100 1 |a Babini, José 
245 1 0 |a La ciencia en argentina / 
260 |a Buenos Aires :  |b Eudeba,  |c 1963 
300 |a 97 p. 
653 |a Ciencias-argentina 
859 |a CEMS  |b BIB. CEMS - 11 de abril  |h 500.982  |i B117  |p 9497.81  |t Ej.1 
859 |a CEMS  |b BIB. CEMS - 11 de abril  |h 500.982  |i B117  |p 9498.81  |t Ej.2